Základy psychologie učení

Bibliographic Details
Main Author: Linhart, Josef (Author)
Format: Book
Language:Undetermined
PhysicalDescription:269 s.
Published: Praha Státní pedagogické nakladatelství 1986

MARC

LEADER 00000nam a2200000 a 4500
001 vtls001376983
003 SK-MaSNL
005 20260416165616.0
008 240318s1986 xx 0 und
035 |a SNK000330924 
040 |a SNK  |b slo  |c SNK  |e AACR2 
100 1 |a Linhart, Josef  |4 aut  |9 292046 
245 1 0 |a Základy psychologie učení 
260 |a Praha  |b Státní pedagogické nakladatelství  |c 1986 
300 |a 269 s. 
958 |a OND 
999 |c 1152001  |d 1153931 
952 |t P60, <04>, [BOOK], {604}  |a SNK  |b SNK  |y NEVYP  |7 0  |p 17A0218511  |o snkIC 102156 D1  |0 0  |1 1  |4 0  |d 1999-11-15  |l 0  |r 2005-01-02 00:00:00  |w 2026-02-24 
952 |t P60, <04>, [BOOK], {604}  |a SNK  |b SNK  |y VYP  |7 0  |p 17A0299835  |o snkIC 102156  |0 0  |1 0  |4 0  |d 2001-05-14  |l 0  |r 2005-01-02 00:00:00  |w 2026-02-24